000 01790cam a22004574i 4500
003 PE-LiUPU
005 20250731173018.0
008 150623s1994 miu r 000 0 eng d
020 _a0802801315
035 _a(Sirsi) i9780802801319
040 _aPE-LiUPU
_bspa
_cPE-LiUPU
_erda
049 _aPRUA
082 0 4 _a225
_bK28
_221
100 1 _aKay, James F.,
_d1948-,
_eautor.
245 1 0 _aChristus praesens :
_ba reconsideration of Rudolf Bultmann's Christology /
_cJames F. Kay.
264 1 _aGrand Rapids, Michigan :
_bWilliam B. Eerdmans Publishing Co.,
_c1994.
300 _a187 páginas ;
_c23 centímetros
336 _atext
_2rdacontent
337 _aunmediated
_2rdamedia
338 _avolume
_2rdacarrier
505 0 _aRudolf Bultmann and "the Christus praesens": background for reconsideration -- The pauline Christus praesens according to Bultmann -- The Johanine Christus praesens according to Bultmann -- The Christus praesens according to Bultmann -- Bultmann's Christus praesens: the critics respond.
526 _aSEG42
526 _aSEG41
526 _aSEG40
526 _aSEG39
526 _aP94
526 _aP87
526 _aP86
526 _aP85
526 _aP77
526 _aP76
526 _aP35
600 1 _aBultmann, Rudolf Karl.
_d1884-1976
600 1 _aJesucristo
_xPresencia
_ySiglo XX
942 _2ddc
_cBOOK
949 _a225 K28
_wDEWEY
_c1
_i47354
_lCCODEBUL1
_mBUL
_r0
_sY
_tBOOK
_u2015-6-24
_xTEOLOGIA
_PP35
_0COMPRA
_o.STAFF. Colección Teología
994 _aC0
_bPEPRU
596 _a1
999 _a225 K28
_wDEWEY
_c23907
_i47354
_f2021-11-9
_g5
_lCCODEBUL1
_mBUL
_p20.00
_r0
_sY
_tBOOK
_u2015-6-24
_xTEOLOGIA
_PP35
_0COMPRA
_o.STAFF. Colección Teología
_d23907
980 _81
_gALBERTO SANCHEZ Responsable de Automatización